[Event "Saint Louis Champions Showdown blitz"]
[Site "Saint Louis"]
[Date "2019.02.24"]
[Round "24.3"]
[White "So, Wesley"]
[Black "Navara, David"]
[Result "1-0"]
[WhiteElo "2765"]
[BlackElo "2738"]
[PlyCount "107"]
[EventDate "2019.02.23"]
[EventType "match (blitz)"]
[EventRounds "24"]
[EventCountry "USA"]
[SourceTitle "CBM 189 Extra"]
[Source "ChessBase"]
[SourceDate "2019.06.03"]
[SourceVersion "1"]
[SourceVersionDate "2019.06.03"]
[SourceQuality "1"]

1. Nf3 d5 2. b3 Bg4 3. Bb2 Nf6 4. h3 Bxf3 ({RR} 4... Bh5 5. g4 Bg6 6. d3 Nbd7 7. Bg2 e6 8. Nh4 Bd6 9. Nd2 c6 10. e3 a5 11. a3 e5 12. O-O O-O 13. f4 exf4 14. exf4 h6 15. Qf3 Qc7 16. Rae1 Rae8 17. Rxe8 Rxe8 18. Nxg6 fxg6 19. g5 {So,W (2780)-Caruana,F (2822) Saint Louis 2018 0-1 (31)}) 5. exf3 e6 ({RR} 5... Nbd7 6. d4 e6 7. a3 Bd6 8. Bd3 O-O 9. O-O Re8 10. c4 e5 11. c5 Bf8 12. b4 a5 13. Nd2 Nh5 14. g3 Qg5 15. h4 Qh6 16. Bf5 Rad8 17. Bxd7 Rxd7 18. dxe5 Be7 19. f4 Nxf4 20. Qg4 {Pacheco Marte,S (1968)-Figueroa Rincon,C (1797) Medellin COL 2025 ½-½}) 6. g3 c5 $146 ({RR} 6... Nbd7 7. f4 Bd6 8. Bg2 O-O 9. O-O a5 10. a4 c6 11. d3 b5 12. Nd2 Qe7 13. Nf3 bxa4 14. bxa4 Rab8 15. Be5 Rb7 16. Qe2 Rfb8 17. Rfe1 Ne8 18. Bd4 g6 19. h4 Ng7 20. Bh3 Bc5 21. h5 {Sahl,B-Bjork,C Muerren 1979 1-0 (49)}) ({RR} 6... g6 7. Bg2 Bg7 8. O-O O-O 9. f4 c5 10. d3 Nc6 11. c4 Rc8 12. Nc3 dxc4 13. dxc4 Qe7 14. Bxc6 Rxc6 15. Qe2 Rd8 16. Rad1 b6 17. Rxd8+ Qxd8 18. Rd1 Rd6 19. Rxd6 Qxd6 20. Nb5 Qd7 21. Qf3 {So,W (2770)-Aronian,L (2781) chess24.com INT 2021 ½-½ (31)}) 7. Bg2 Nc6 8. f4 Bd6 9. O-O O-O 10. Re1 Re8 11. c4 d4 12. d3 Qd7 13. Qf3 a5 14. a4 Re7 15. Nd2 Rae8 16. Ba3 Qc7 17. Rad1 g6 18. h4 Rd7 19. Bh3 Bf8 20. Re2 Nb4 21. Nf1 Qc6 22. Nh2 Qxf3 23. Nxf3 Nc6 24. Rde1 b6 25. f5 gxf5 26. Bxf5 Nb4 27. Ne5 Rc7 28. Bh3 Bd6 29. Rd1 Kg7 30. Bc1 Na2 31. Rxa2 Bxe5 32. Re2 Bd6 33. Rde1 h6 34. g4 Nd7 35. Kg2 Nf8 36. h5 Nh7 37. f4 Rce7 38. g5 f5 39. Kf3 Kh8 40. Bd2 Kg7 41. Rg2 Kh8 42. gxh6 Rg8 43. Rg6 Nf8 44. Rf6 Kh7 45. Bxf5+ exf5 46. Rxd6 Rxe1 47. Bxe1 Rg1 48. Bh4 Rh1 49. Be7 Rh3+ 50. Kf2 Rxd3 51. Bxf8 Rxb3 52. Rd7+ Kg8 53. h7+ Kh8 54. Bd6 1-0

[Event "Saint Louis Spring-B"]
[Site "Saint Louis"]
[Date "2019.03.06"]
[Round "5"]
[White "Kaidanov, Gregory S"]
[Black "Steingrimsson, Hedinn"]
[Result "1-0"]
[WhiteElo "2540"]
[BlackElo "2558"]
[PlyCount "105"]
[EventDate "2019.03.02"]
[EventType "tourn"]
[EventRounds "9"]
[EventCountry "USA"]
[EventCategory "13"]
[SourceTitle "CBM 189"]
[Source "ChessBase"]
[SourceDate "2019.04.29"]
[SourceVersion "1"]
[SourceVersionDate "2019.04.29"]
[SourceQuality "1"]

1. Nf3 d5 2. g3 Bg4 3. Bg2 c6 4. O-O Nd7 5. h3 Bh5 6. d3 e5 7. e4 ({RR} 7. Qe1 Bd6 8. e4 dxe4 9. dxe4 Ne7 10. Nbd2 b5 11. Nh4 f6 12. f4 O-O 13. f5 Bf7 14. g4 c5 15. Nhf3 Nc6 16. Kh1 c4 17. Qg3 Nc5 18. g5 Kh8 19. g6 Bg8 20. gxh7 Bxh7 21. Nh4 Nd4 {Karjakin,S (2770)-Morozevich,A (2724) Sochi 2014 1-0 (41)}) ({RR} 7. c4 dxc4 8. dxc4 Ngf6 9. Nc3 Be7 10. Nh4 O-O 11. Qc2 Re8 12. b3 Qc7 13. Bb2 a5 14. e3 Nb6 15. g4 Bg6 16. Nxg6 hxg6 17. Rac1 a4 18. c5 Bxc5 19. Nb5 cxb5 20. Qxc5 Qxc5 21. Rxc5 axb3 {Coro,L (2316)-Orrego Palermo,M (2019) Buenos Aires ARG 2024 1-0}) 7... dxe4 8. dxe4 Bc5 9. Nbd2 Qc7 $146 ({RR} 9... Qe7 10. Nb3 Bb6 11. a4 a5 12. Qe1 Bxf3 13. Bxf3 Nc5 14. Ra3 Na6 15. Nd2 Bc5 16. Rb3 Bb4 17. c3 Bc5 18. Nc4 Nf6 19. Nxa5 Bxf2+ 20. Qxf2 Nc5 21. Ra3 Rxa5 22. b4 Nd3 23. Qe3 Nxc1 24. Qxc1 {Kramnik,V (2753)-Begunov,K (2325) chess.com INT 2023 1-0 (35)}) ({RR} 9... Qe7 10. Nb3 Bb6 11. Qe2 Ngf6 12. a4 a5 13. g4 Bg6 14. Nfd2 Nc5 15. Nxc5 Bxc5 16. Nb3 Bb6 17. Be3 Nd7 18. Rfd1 Bxe3 19. Qxe3 O-O 20. Bf1 Rfd8 21. f3 f6 22. Bc4+ Bf7 23. Bxf7+ Kxf7 24. Rd3 {Finek,V (2411)-Begunov,K (2325) chess.com INT 2023 0-1 (53)}) 10. Qe1 Ne7 11. a4 O-O 12. Nc4 b5 13. Ne3 a5 14. Bd2 Bb6 15. Nh4 f6 16. axb5 cxb5 17. Nhf5 Nxf5 18. exf5 Bxe3 19. fxe3 Rac8 20. Bxa5 Qxc2 21. Bb4 Rfd8 22. Bd5+ Bf7 23. Rf2 Qc7 24. Bxf7+ Kxf7 25. Ba5 Nb6 26. Qb4 Rd5 27. e4 Rd6 28. Qxb5 Kg8 29. Rf3 Qd8 30. Qb3+ Kh8 31. Rc3 Rb8 32. Rac1 h6 33. h4 Kh7 34. Kh2 Qe8 35. Qc2 Na4 36. Rb3 Rxb3 37. Qxb3 Rd4 38. Kh3 Qa8 39. Qf7 Rxe4 40. Qg6+ Kh8 41. Rc7 Rxh4+ 42. gxh4 Qh1+ 43. Kg3 Qg1+ 44. Kf3 Qf1+ 45. Ke3 Qf4+ 46. Ke2 Qh2+ 47. Kf1 Qh1+ 48. Qg1 Qf3+ 49. Ke1 Qe4+ 50. Kd2 Qf4+ 51. Kc2 Qxf5+ 52. Kb3 g5 53. Kxa4 1-0

[Event "Saint Louis Spring-B"]
[Site "Saint Louis"]
[Date "2019.03.09"]
[Round "8"]
[White "Kaidanov, Gregory S"]
[Black "Sorokin, Aleksey"]
[Result "1-0"]
[WhiteElo "2540"]
[BlackElo "2531"]
[PlyCount "131"]
[EventDate "2019.03.02"]
[EventType "tourn"]
[EventRounds "9"]
[EventCountry "USA"]
[EventCategory "13"]
[SourceTitle "CBM 189"]
[Source "ChessBase"]
[SourceDate "2019.04.29"]
[SourceVersion "1"]
[SourceVersionDate "2019.04.29"]
[SourceQuality "1"]

1. Nf3 Nf6 2. g3 g6 3. b3 Bg7 4. Bb2 O-O 5. Bg2 d5 6. c4 Nc6 7. cxd5 Qxd5 ({RR} 7... Nxd5 8. Bxg7 Kxg7 9. d4 Bf5 10. O-O Ndb4 11. Na3 a5 12. Qc1 Be4 13. Rd1 e6 14. Qb2 Qf6 15. Rd2 Rfd8 16. Rad1 a4 17. Nb5 axb3 18. axb3 Ra2 19. Qc3 Rxd2 20. Rxd2 Nd5 21. Qb2 Ra8 22. Kh1 {Grischuk,A (2767)-Morozevich,A (2665) Moscow 2018 0-1 (33)}) ({RR} 7... Nxd5 8. Bxg7 Kxg7 9. d4 Bg4 10. O-O Nf6 11. h3 Bxf3 12. Bxf3 Qxd4 13. Na3 Qb4 14. Nc2 Qb6 15. Qd2 Rad8 16. Qc3 Nd4 17. Nxd4 Rxd4 18. Bxb7 Rfd8 19. Bf3 e5 20. Rac1 e4 21. Bg2 R8d7 22. h4 {Blanco Diez,D (2290)-Cuenca Jimenez,J (2479) chess.com INT 2025 1-0 (58)}) 8. Nc3 Qh5 9. h3 Rd8 10. Qc1 $146 ({RR} 10. Rc1 Qa5 11. Na4 Ne4 12. Bxg7 Kxg7 13. Qc2 Nf6 14. Qb2 Qd5 15. d3 Qd6 16. O-O e5 17. Rc5 Nd7 18. Rcc1 Nd4 19. Nxd4 exd4 20. b4 c6 21. e4 a5 22. b5 Qb4 23. bxc6 bxc6 24. Qc2 Ba6 {Tate,A (2306)-Parvanyan,A (2426) Skopje 2019 1-0 (70)}) ({RR} 10. Rc1 Be6 11. Na4 Nd7 12. Bxg7 Kxg7 13. Qc2 Kg8 14. Qb2 Qh6 15. b4 a6 16. a3 Bd5 17. O-O Bxf3 18. exf3 Nde5 19. Nc5 Nd4 20. f4 Ne2+ 21. Kh1 Nxc1 22. Qxe5 Nd3 23. Qxc7 Rac8 24. Qxb7 Nxc5 {D'Amore,C (2414)-Trabattoni,F (2218) Montesilvano 2021 ½-½ (37)}) 10... Be6 11. Na4 Nd7 12. Bxg7 Kxg7 13. Qc3+ f6 14. Rc1 a5 15. Qe3 Bf7 16. O-O Qb5 17. d4 Nb6 18. Nc5 Nd5 19. Qe4 Rd6 20. Rfe1 b6 21. Na4 Qb4 22. e3 e5 23. Rc4 Qa3 24. dxe5 Re8 25. Qb1 b5 26. exd6 bxc4 27. bxc4 Ndb4 28. d7 Rd8 29. Nc5 Nc2 30. Qxc2 Qxc5 31. Rd1 Be6 32. Nd4 Nxd4 33. exd4 Qb4 34. d5 Bxd7 35. Qd2 Qc5 36. Qd4 Qa3 37. c5 Re8 38. c6 Bf5 39. d6 cxd6 40. Qxd6 Re1+ 41. Kh2 Qxd6 42. Rxd6 Re2 43. g4 Bc8 44. Rd8 Be6 45. Kg3 Rxa2 46. c7 Ra3+ 47. Kh2 Rc3 48. Bd5 Bxg4 49. hxg4 Rxc7 50. Ra8 Rc5 51. Ra7+ Kh8 52. Ra8+ Kg7 53. Ra7+ Kh8 54. Be4 Rg5 55. Bf3 Rc5 56. Kg3 Rb5 57. Be4 Rb3+ 58. f3 Rb5 59. Kf4 Re5 60. Rf7 Re6 61. Bd3 Rd6 62. Ke4 Re6+ 63. Kd5 Rb6 64. Kc5 Re6 65. Bc4 Re3 66. Rxf6 1-0

[Event "WchT 12th"]
[Site "Astana"]
[Date "2019.03.07"]
[Round "3.17"]
[White "Maghsoodloo, Parham"]
[Black "Grandelius, Nils"]
[Result "1-0"]
[WhiteElo "2673"]
[BlackElo "2694"]
[PlyCount "73"]
[EventDate "2019.03.05"]
[EventType "team-tourn"]
[EventRounds "9"]
[EventCountry "KAZ"]
[SourceTitle "CBM 189"]
[Source "ChessBase"]
[SourceDate "2019.04.29"]
[SourceVersion "1"]
[SourceVersionDate "2019.04.29"]
[SourceQuality "1"]
[WhiteTeam "Iran"]
[BlackTeam "Sweden"]
[WhiteTeamCountry "IRI"]
[BlackTeamCountry "SWE"]

1. Nf3 c5 2. g3 g6 3. Bg2 Bg7 4. O-O Nc6 5. c3 e5 6. e4 Nge7 7. d3 O-O 8. a3 a5 9. a4 d5 10. Na3 d4 ({RR} 10... h6 11. exd5 Nxd5 12. Qb3 Nde7 13. Be3 Be6 14. Nc4 Qxd3 15. Nfd2 Bd5 16. Bxd5 Qxd5 17. Nb6 Qxb3 18. Nxb3 Rad8 19. Rfd1 Rxd1+ 20. Rxd1 Rd8 21. Rxd8+ Nxd8 22. Nxa5 Nec6 23. Nxc6 Nxc6 24. Bxc5 Bf8 25. Nd7 {Amin,B (2635)-Moiseenko,A (2707) Dubai 2014 1-0 (40)}) 11. cxd4 cxd4 12. Nc4 Rb8 $146 ({RR} 12... Be6 13. b3 f6 14. Bd2 Nb4 15. Bxb4 axb4 16. Qd2 Nc6 17. Nh4 Kh8 18. Kh1 Rb8 19. f4 Bh6 20. Qe2 Qc7 21. f5 Bxc4 22. bxc4 g5 23. Nf3 g4 24. Nh4 Rg8 25. Rfb1 Qg7 26. Bf1 Qg5 27. Ra2 {Siebert,L (2263)-Wyrwich,M (2084) Germany 1999 ½-½}) 13. b3 b5 14. axb5 Rxb5 15. Ba3 Nb4 16. Bxb4 axb4 17. Nfd2 Be6 18. Ra6 Bc8 19. Ra7 Nc6 20. Ra8 Qc7 21. f4 exf4 22. gxf4 Be6 23. Rxf8+ Bxf8 24. Qf3 Na5 25. e5 Be7 26. Qg3 f5 27. h4 Qd8 28. h5 Kg7 29. Bf3 g5 30. fxg5 Bxg5 31. Be4 fxe4 32. Nxe4 Kh6 33. Ncd6 Rb6 34. Rf6+ Bxf6 35. exf6 Qg8 36. Nf5+ Bxf5 37. Qxg8 1-0

[Event "Prague Challengers 1st"]
[Site "Prague"]
[Date "2019.03.12"]
[Round "7"]
[White "Krejci, Jan1"]
[Black "Praggnanandhaa, Rameshbabu"]
[Result "1-0"]
[WhiteElo "2570"]
[BlackElo "2532"]
[PlyCount "93"]
[EventDate "2019.03.06"]
[EventType "tourn"]
[EventRounds "9"]
[EventCountry "CZE"]
[EventCategory "14"]
[SourceTitle "CBM 189"]
[Source "ChessBase"]
[SourceDate "2019.04.29"]
[SourceVersion "1"]
[SourceVersionDate "2019.04.29"]
[SourceQuality "1"]

1. Nf3 Nf6 2. g3 b5 3. Na3 a6 4. c4 b4 5. Nc2 a5 ({RR} 5... e6 6. Bg2 Bb7 7. a3 bxa3 8. b4 Be7 9. Bxa3 O-O 10. d3 d6 11. O-O Nbd7 12. e4 h6 13. Nfd4 Ne8 14. Nb3 Rb8 15. Na5 Ba8 16. Bb2 Bf6 17. Bxf6 Ndxf6 18. Nd4 Qd7 19. Qa4 c5 20. Ndc6 {Nakamura,H (2802)-Rohith,K (2472) chess.com INT 2024 1-0 (35)}) ({RR} 5... e6 6. Bg2 Bb7 7. O-O Be7 8. d4 O-O 9. d5 a5 10. Nh4 exd5 11. cxd5 d6 12. Nf5 Re8 13. Nxe7+ Qxe7 14. Re1 Nbd7 15. b3 Ne4 16. Bb2 Ndf6 17. f3 Nc3 18. Bxc3 bxc3 19. e4 c6 20. dxc6 {Stevik,P (2331)-Vojtek,V (2217) Slovakia SVK 2025 ½-½ (110)}) 6. Bg2 Bb7 7. d4 $146 ({RR} 7. O-O e6 8. d4 d6 9. Nce1 Nbd7 10. Nd3 Be4 11. Nd2 Bxg2 12. Kxg2 c5 13. dxc5 Nxc5 14. Nxc5 dxc5 15. e4 Qc7 16. e5 Qc6+ 17. Kg1 Nd7 18. f4 Be7 19. Qc2 O-O 20. Ne4 Rfd8 21. Be3 a4 {Kushko,D (2302)-Vifleemskaia,S (1926) Chess.com INT 2022 1-0 (43)}) ({RR} 7. b3 g6 8. Bb2 Bg7 9. O-O O-O 10. a3 Na6 11. axb4 axb4 12. Ra5 d6 13. d4 c5 14. Qa1 Nd7 15. e3 Qc7 16. Ra2 e6 17. Rd1 Be4 18. Nfe1 Bxg2 19. Nxg2 Qb7 20. dxc5 Bxb2 21. Qxb2 Ndxc5 {Orantes Taboada,F (2286)-Sosa,T (2535) Roquetas de Mar 2021 0-1 (53)}) 7... g6 8. O-O Bg7 9. b3 Na6 10. Bb2 c5 11. a3 cxd4 12. axb4 Nxb4 13. Nxb4 axb4 14. Bxd4 Rb8 15. Ba7 Rc8 16. Qe1 Nh5 17. Qxb4 Bxf3 18. Bxf3 Bxa1 19. Rxa1 O-O 20. Bb6 Qe8 21. Bb7 d6 22. Bxc8 Qxc8 23. c5 dxc5 24. Bxc5 Qe6 25. e3 Nf6 26. Qb7 Re8 27. Bd4 h5 28. Ra8 Rxa8 29. Qxa8+ Kh7 30. Bxf6 exf6 31. Qa4 g5 32. Qc4 Qd7 33. b4 Kg7 34. h4 Qd1+ 35. Kg2 g4 36. Qc6 Qb1 37. b5 Qb3 38. Qc5 Kg6 39. Kh2 Qb1 40. b6 Qb2 41. e4 Kg7 42. Kg2 Qb1 43. Qc6 Qb3 44. b7 Qb4 45. Qc7 Qxe4+ 46. Kh2 Qf3 47. Qb6 1-0

[Event "Prague Masters 1st"]
[Site "Prague"]
[Date "2019.03.07"]
[Round "2.5"]
[White "Duda, Jan Krzysztof"]
[Black "Laznicka, Viktor"]
[Result "1-0"]
[WhiteElo "2731"]
[BlackElo "2670"]
[Annotator "Duda,Jan Krzysztof"]
[PlyCount "81"]
[EventDate "2019.03.06"]
[EventType "tourn"]
[EventRounds "9"]
[EventCountry "CZE"]
[EventCategory "19"]
[SourceTitle "CBM 189"]
[Source "ChessBase"]
[SourceDate "2019.04.29"]
[SourceVersion "1"]
[SourceVersionDate "2019.04.29"]
[SourceQuality "1"]

{Prior to this game, I had had a teribble 0.5/3 against Victor, and obviously wanted a revenge.} 1. Nf3 d5 2. c4 d4 3. b4 {Probably it couldn't come much as a surprise, because I have started with the Nf3-c4 move order quite often, and even played 3.b4 twice myself. Nevertheless my opponent slowed down, boosting my confidence a bit.} Bg4 4. Qb3 Bxf3 5. Qxf3 c6 (5... e5 $6 {feels entirely incorrect. After} 6. Qxb7 Nd7 7. g3 (7. a3 $5) 7... Rb8 8. Qxa7 Bxb4 9. Bg2 Ngf6 10. O-O O-O 11. d3 {Black didn't have much for a missing pawn, 1-0 (28) Howell,D (2689)-Tregubov,P (2588), Douglas ENG 2018.}) 6. g3 ({RR} 6. e3 e5 7. c5 a5 8. Bc4 Qf6 9. Qxf6 Nxf6 10. exd4 Nd5 11. Bxd5 cxd5 12. dxe5 axb4 13. d4 b3 14. a3 Nc6 15. Bb2 Ra4 16. Nc3 Rxd4 17. Rd1 Rxd1+ 18. Kxd1 d4 19. Nb5 Bxc5 20. Kd2 O-O {Da Rosa,H (2003)-Abregu,S Florianopolis BRA 2025 1-0 (65)}) 6... e5 {[#]} 7. b5 $1 $146 {One of the key ideas. Firstly White doesn't lose time to protect his hanging pawn, and secondly this move is creating good prospects on the diagonal h1-a8 for the light-squared bishop, the one which doesn't have opposition.} Nf6 8. Bg2 Be7 $146 {There are many ways for Black to develop pieces, but in all cases White should be a bit better.} ({RR} 8... Bb4 9. Qb3 Qe7 10. O-O O-O 11. d3 a6 12. bxc6 Nxc6 13. Bg5 Rab8 14. a3 Ba5 15. Qa4 b5 16. cxb5 axb5 17. Qb3 Rfc8 18. Ra2 Nd8 19. Rc2 Rxc2 20. Qxc2 Ne6 21. Bxf6 gxf6 22. Rc1 Kg7 23. Qc6 {Malakhatko,V (2448)-Vovk,Y (2553) Lviv UKR 2022 1-0 (58)}) ({RR} 8... Bc5 9. O-O O-O 10. d3 h6 11. Nd2 Qe7 12. a4 a5 13. h4 Bb4 14. g4 Nfd7 15. Qh3 Nc5 16. Ra2 Nbd7 17. bxc6 bxc6 18. Bxc6 Ra6 19. Bg2 Nb6 20. g5 Nbxa4 21. Nb1 h5 22. Bf3 g6 23. Kg2 {Duda,J (2757)-Karjakin,S (2752) Chess.com INT 2020 1-0 (32)}) ({RR} 8... e4 9. Qb3 Nbd7 10. O-O Nc5 11. Qd1 cxb5 12. cxb5 Be7 13. d3 exd3 14. exd3 a6 15. Ba3 axb5 16. Bxc5 Bxc5 17. Bxb7 Rb8 18. Bc6+ Kf8 19. Qb3 h5 20. Nd2 h4 21. Nf3 Qc7 22. Rac1 Rh5 23. Bxb5 {Bruzon Batista,L (2639)-Bartel,M (2635) ICC INT 2021 0-1}) 9. d3 (9. O-O {was perhaps a touch more accurate, not fearing} e4 10. Qf4) 9... O-O (9... Qa5+ {This is an extra option after I played 9.d3.} 10. Nd2 Bb4 11. a4 $5 O-O 12. Ra2 {is what I was going to play and it's good enough for a minimal edge}) 10. O-O $14 a6 11. Nd2 (11. bxc6 $1 {is more accurate than the text.}) 11... Qc7 (11... axb5 $1 {This is the only way for Black to get some active piece play. Apparently we both thought that White is somewhat better here, but as usual the engine disagrees:} 12. cxb5 Qc7 13. bxc6 Nxc6 14. Nc4 {this was my idea with '+=', but} Rfd8 $132 {Black also has his own play, one plan being Nd5-Nc3, probably with dynamic equality.}) 12. bxc6 Nxc6 { Here I was pleased with my position, but couldn't find a satisfying way. Eventually I went for the useful} 13. h4 {with likely g4-g5 to come.} ({Now I can't really recall why I rejected the 'self-playing' move} 13. Rb1) ({or the less sophisticated} 13. g4 {, either way White is slightly better.}) 13... Rab8 14. Rb1 Nd8 15. Ne4 {Now it seems is a proper time to play Ne4, with Black having his knight on d8, where the exchange of knights looks less appealing for Black.} Nd7 16. Bg5 $1 { Kind of a disturbing move.} f6 (16... Re8 {Now f5 is no longer an option.}) 17. Bd2 f5 {Otherwise the weakness of the light squares may tell...} 18. Ng5 Kh8 (18... h6 $2 19. Qh5 $1 $16 {and the knight is taboo, and White's storm is coming.}) 19. g4 ({I was quite tempted to play} 19. Nxh7 Kxh7 20. Qh5+ Kg8 21. Bd5+ Nf7 {but couldn't find a good follow-up.}) (19. e3 $5 {was an interesting alternative suggested by Victor after the game. It looks sensible to open up the position with the bishop pair.}) 19... f4 {A good move, which stops White's offensive. However, it has the positional drawback that it weakens light squares and the evergreen e4-square. Well, in bad positions, you often have to choose between bad or worse... Now the game becomes a pure positional one, with a lot of maneouvres.} 20. Ne4 Ne6 21. g5 Ndc5 22. Nxc5 (22. Qg4 $5 Nxe4 $140 $4 23. Bxe4 Nc5 24. Bxh7 $1 $18) 22... Nxc5 23. Bb4 { Exchanging Black's only active piece!} b6 $6 (23... e4 $1 {This would have been a huge shock for me!! What's more, Victor saw this move, but had a bad idea behind it.} 24. dxe4 b6 $5 $44 {It's very mysterious that the computer likes so much the positional pawn sacrifice... Times clearly have changed!} (24... d3 $2 {was Victor's creative idea, but unfortunately it is not worth two pawns. After} 25. exd3 Rbd8 26. Rfd1 Ne6 27. Bc3 Bc5 28. e5 $1 $16 {White is clearly for preference, but Black is not dead lost yet obviously.})) 24. Qc6 $1 Qa7 (24... Rfc8 25. Qxc7 Rxc7 {and here I even have a choice what kind of endgame I want to play.}) 25. Bxc5 Bxc5 26. Qe6 {I was a bit disappointed that I had to move my nice queen, because I wanted it to be exchanged on b7! I knew, however, that this was not very likely to happen, and clearly the best setup for White is to have Be4-Qf3!} (26. Be4 $6 Qe7 {and queen is cut.}) 26... Rbe8 (26... Qe7 {was an offer to play the endgame, which was a very depressing one for Black. We both weren't really sure if it is a win or a fortress, but hardly anyone would be willing to trade queens. Now with some help of computer I dare to say the endgame is indeed winning for White, here are some sample lines:} 27. Qxe7 Bxe7 28. Be4 Bc5 (28... f3 $2 29. exf3 Rf4 30. a4 $1 a5 31. Rb5 $18) (28... h6 29. Kg2) 29. Kg2 {The problem is that Black's king is in fact stuck on the back rank, which gives White some additional tactical motifs.} Rfe8 (29... g6 30. Kf3 Kg7 31. h5 $18) 30. Kf3 Rbd8 (30... Kg8 31. Rb3 Re7 32. Rfb1 Ree8 33. a4 a5 34. Rb5 Rec8 35. h5 Rd8 36. Bd5+ Kf8 37. Ke4 Re8 38. Bc6 Rec8 39. Bd7 Rd8 40. Bf5 $18) 31. Rb3 Rd6 32. h5 Re7 33. Rfb1 Re8 34. a4 a5 35. Rb5 Rc8 36. g6 $1 h6 37. Bf5 Rcd8 38. Rxc5 bxc5 39. Rb5 $18) 27. Qh3 Qe7 28. Bc6 Rd8 29. Kg2 Rd6 (29... f3+ {I thought my opponent may like to play this, to get some kind of activity, but of course it's not easy to decide for such a step because Black basically sacrifices a pawn for free.} 30. exf3 $5 (30. Bxf3 Rf4 31. Be4 Rdf8 32. f3 Qd6 33. Rg1 Bb4 34. Kh1 Bc5 35. Rg4 $16) 30... Rf4 31. Rfe1 Rdf8 32. Bd5 Qd6 33. Re4 $16) 30. Be4 Qe8 31. Qf3 $16 { White is obviously better but how to make future progress? Luckily I didn't have it to figure out, as my opponent errs badly.} Rf7 $4 {In fact a losing mistake, because now Black is forced to play g6, which is an irreversible weakness and a 'hook' for White's future invasion.} 32. Qh5 $1 g6 33. Qf3 h5 {Otherwise White will push h5 himself after some preparations.} 34. gxh6 Rh7 35. Rh1 $1 Rxh6 36. Rbg1 $1 $18 {An efficient setup} Re6 37. Qg4 Re7 38. Kf3 $5 {I knew that Kf1 would probably be simpler (not allowing any potential checks), but I truly enjoyed playing Kf3. Also in theory the king here is better suited for the endgame, but how can Black exchange queens?} Rg7 39. Qg5 Rh5 {[#]} 40. Qf6 {After the game, I was very angry with myself about having played this move.} ({The point is I could have won 'in style' with} 40. Bxg6 $1 {but what I miscalculated is that after} Qa8+ 41. Be4 Rgxg5 42. hxg5 $1 Qe8 43. g6 Rxh1 {White has} 44. g7+ $1 Kg8 45. Bd5+ Kh7 46. g8=Q+ Qxg8 47. Rxh1+ $18 {and curtains.}) 40... Qe7 (40... Be7 41. Qxb6 $18) (40... Kh7 41. Rxg6 Rxg6 42. Rg1 Rhh6 43. h5 $18) 41. Rxg6 1-0

[Event "Agzamov Memorial 13th"]
[Site "Tashkent"]
[Date "2019.03.15"]
[Round "5"]
[White "Fier, Alexandr"]
[Black "Yakubboev, Nodirbek"]
[Result "1-0"]
[WhiteElo "2551"]
[BlackElo "2569"]
[PlyCount "100"]
[EventDate "2019.03.12"]
[EventType "swiss"]
[EventRounds "9"]
[EventCountry "UZB"]
[SourceTitle "CBM 189 Extra"]
[Source "ChessBase"]
[SourceDate "2019.06.03"]
[SourceVersion "1"]
[SourceVersionDate "2019.06.03"]
[SourceQuality "1"]

1. Nf3 d5 2. c4 d4 3. b4 Bg4 4. Qb3 g6 5. Nxd4 Bg7 6. e3 Bxd4 7. exd4 Qxd4 8. Qc3 $146 ({RR} 8. Bb2 Qe4+ 9. Qe3 Qc2 10. Qb3 Qe4+ 11. Qe3 Qc2 12. Qb3 Qe4+ {½-½ (12) Kozhuharov,S (2370)-Peng,S (2296) Chess.com INT 2021}) ({RR} 8. Bb2 Qe4+ 9. Qe3 Qc2 10. Qb3 Qe4+ 11. Qe3 Qc2 12. Qb3 Qe4+ {½-½ (12) Kozhuharov,S (2370)-Peng,S (2296) Chess.com INT 2021}) 8... Qxc3 9. Nxc3 Nc6 10. f3 Bd7 11. b5 Nd4 12. Kf2 O-O-O 13. Ne2 Nc2 14. Rb1 e5 15. Bb2 f6 16. d4 exd4 17. Rd1 Ne3 18. Rxd4 Re8 19. Ng3 h5 20. Be2 Nf5 21. Rd2 Nxg3 22. hxg3 Rh6 23. c5 f5 24. Bc4 g5 25. a4 g4 26. Rhd1 Be6 27. Re1 Re7 28. Bd3 Rd7 29. c6 Rd5 30. Bc3 bxc6 31. bxc6 Kd8 32. Bc4 Rxd2+ 33. Bxd2 Bxc4 34. Bg5+ Rf6 35. Re5 Bf7 36. a5 a6 37. Ke3 gxf3 38. gxf3 f4+ 39. gxf4 Bb3 40. Kd4 Bf7 41. Rf5 Ke7 42. Ke5 Bg6 43. Bxf6+ Kf7 44. Bg5+ Ke8 45. Bh4 Bxf5 46. Kxf5 Nh6+ 47. Kg6 Nf7 48. Kxh5 Nd6 49. Kg6 Nc4 50. Be1 Nd6 1-0